THE ICE MONSTER (Record no. 12318)
[ view plain ]
| 000 -LEADER | |
|---|---|
| fixed length control field | 00268nam a22000977a 4500 |
| 008 - FIXED-LENGTH DATA ELEMENTS--GENERAL INFORMATION | |
| fixed length control field | 230607b |||||||| |||| 00| 0 eng d |
| 020 ## - INTERNATIONAL STANDARD BOOK NUMBER | |
| International Standard Book Number | 9780008164706 |
| 100 ## - MAIN ENTRY--PERSONAL NAME | |
| Personal name | WALLIAMS DAVID |
| 9 (RLIN) | 7684 |
| 245 ## - TITLE STATEMENT | |
| Title | THE ICE MONSTER |
| 260 ## - PUBLICATION, DISTRIBUTION, ETC. (IMPRINT) | |
| Place of publication, distribution, etc. | LONDON |
| Name of publisher, distributor, etc. | HARPER COLLINS CHILDREN'S BOOK |
| Date of publication, distribution, etc. | 2018 |
| Withdrawn status | Lost status | Source of classification or shelving scheme | Damaged status | Koha normalized classification for sorting | Not for loan | Home library | Current library | Shelving location | Date acquired | Total Checkouts | Full call number | Barcode | Date last seen | Date last checked out | Price effective from | Koha item type |
|---|---|---|---|---|---|---|---|---|---|---|---|---|---|---|---|---|
| Dewey Decimal Classification | WAL_823_000000000000000 | Good Samaritan School Library | Good Samaritan School Library | FICTION | 06/07/2023 | 5 | WAL823 | WAL17601 | 10/31/2025 | 10/29/2025 | 06/07/2023 | BOOK |